[Event "SB-2022-0-00636"]
[Site "LSS email"]
[Date "2022.07.10"]
[Round "?"]
[White "Weiser, Robert"]
[Black "Shchebenyuk, Nina"]
[Result "1-0"]
[WhiteElo "1882"]
[BlackElo "1830"]
[PlyCount "33"]
[EventDate "2022.03.07"]
[EventType "tourn (corr)"]
[EventRounds "6"]
[EventCountry "GER"]
[SourceTitle "Corr 2024"]
[Source "ChessBase"]
[SourceDate "2023.10.19"]
[SourceVersion "1"]
[SourceVersionDate "2023.10.19"]
[SourceQuality "1"]

1. d4 Nf6 2. c4 e6 3. Nf3 b6 4. g3 Bb7 5. Bg2 c5 6. d5 exd5 7. cxd5 Bxd5 8. Nc3 Bb7 9. e4 Nc6 10. 0-0 d6 11. e5 dxe5 12. Nxe5 Qxd1 13. Rxd1 Nxe5 14. Bxb7 Rb8 15. Bg2 Be7 16. Bf4 Nfd7 17. Rxd7 1-0

[Event "SB-2022-0-00636"]
[Site "LSS email"]
[Date "2022.07.08"]
[Round "?"]
[White "Knoeppel, Bjoern"]
[Black "Weiser, Robert"]
[Result "1-0"]
[WhiteElo "1972"]
[BlackElo "1882"]
[PlyCount "45"]
[EventDate "2022.03.07"]
[EventType "tourn (corr)"]
[EventRounds "6"]
[EventCountry "GER"]
[SourceTitle "Corr 2024"]
[Source "ChessBase"]
[SourceDate "2023.10.19"]
[SourceVersion "1"]
[SourceVersionDate "2023.10.19"]
[SourceQuality "1"]

1. e4 c5 2. d4 cxd4 3. c3 dxc3 4. Nxc3 Nc6 5. Nf3 e6 6. Bb5 a6 7. Bxc6 bxc6 8. 0-0 Ne7 9. h4 h5 10. Re1 d6 11. e5 Nf5 12. Bg5 Qc7 13. Rc1 d5 14. Nd4 Nxd4 15. Qxd4 Rb8 16. b3 Rb4 17. Qd2 Rg4 18. f3 Rb4 19. Na4 Rxa4 20. bxa4 c5 21. Be3 c4 22. Rb1 Qe7 23. Rb8 1-0

[Event "RB-2022-0-00417"]
[Site "LSS email"]
[Date "2022.07.05"]
[Round "?"]
[White "Weiser, Robert"]
[Black "Rost, Bernd"]
[Result "1-0"]
[WhiteElo "1882"]
[BlackElo "1762"]
[PlyCount "69"]
[EventDate "2022.02.27"]
[EventType "tourn (corr)"]
[EventRounds "6"]
[EventCountry "GER"]
[SourceTitle "Corr 2024"]
[Source "ChessBase"]
[SourceDate "2023.10.19"]
[SourceVersion "1"]
[SourceVersionDate "2023.10.19"]
[SourceQuality "1"]

1. d4 Nf6 2. c4 e6 3. Nc3 Bb4 4. f3 c5 5. d5 b5 6. e4 0-0 7. e5 Ne8 8. f4 exd5 9. cxd5 d6 10. Nf3 Nc7 11. a4 Bb7 12. Bd3 g6 13. 0-0 c4 14. Be4 Nd7 15. f5 Bxc3 16. bxc3 dxe5 17. Bg5 f6 18. Bh6 Nc5 19. fxg6 Nxe4 20. Nxe5 Qxd5 21. Bxf8 Qxd1 22. gxh7+ Kh8 23. Raxd1 fxe5 24. Rf7 Ne6 25. Ba3 Rb8 26. axb5 Nf4 27. Bf8 Bd5 28. Bg7+ Kxh7 29. Rd7 Kg6 30. Bxe5 Ne2+ 31. Kf1 N2xc3 32. Bxc3 Nxc3 33. R1xd5 Nxd5 34. Rxd5 Kf6 35. Rc5 1-0

[Event "RB-2022-0-00414"]
[Site "LSS email"]
[Date "2022.03.12"]
[Round "?"]
[White "Weiser, Robert"]
[Black "Chapman, Mark"]
[Result "1/2-1/2"]
[WhiteElo "1769"]
[BlackElo "1895"]
[PlyCount "51"]
[EventDate "2021.12.12"]
[EventType "tourn (corr)"]
[EventRounds "6"]
[EventCountry "GER"]
[SourceTitle "Corr 2024"]
[Source "ChessBase"]
[SourceDate "2023.10.19"]
[SourceVersion "1"]
[SourceVersionDate "2023.10.19"]
[SourceQuality "1"]

1. d4 Nf6 2. c4 g6 3. g3 c6 4. Bg2 d5 5. Qa4 Bg7 6. cxd5 0-0 7. e4 cxd5 8. e5 Ne4 9. f3 Bd7 10. Qa3 Nd6 11. exd6 exd6 12. Ne2 Re8 13. Qd3 Qb6 14. Nbc3 Bxd4 15. Kd1 Bxc3 16. Nxc3 Bc6 17. b3 Na6 18. Qd2 Nb4 19. Ba3 a5 20. Bxb4 axb4 21. Ne2 Re3 22. Nd4 Rae8 23. Rc1 Bb5 24. Nxb5 Qxb5 25. Bf1 Qb6 26. Bd3 1/2-1/2